[Event "Budapest FS08 Nadassy"]
[Site "Budapest"]
[Date "2022.08.15"]
[Round "9.1"]
[White "Tereshchuk, Richard"]
[Black "Farago, Sandor"]
[Result "1/2-1/2"]
[WhiteElo "1673"]
[BlackElo "2123"]
[PlyCount "95"]
[EventDate "2022.08.06"]
[EventType "tourn"]
[EventRounds "12"]
[EventCountry "HUN"]
[SourceTitle "CBM 209 Extra"]
[Source "ChessBase"]
[SourceDate "2022.09.30"]
[SourceVersion "1"]
[SourceVersionDate "2022.09.30"]
[SourceQuality "1"]
[WhiteTeam "Team Lower Elo"]
[BlackTeam "Team Higher Elo"]
[WhiteTeamCountry "HUN"]
[BlackTeamCountry "HUN"]

1. e4 c5 2. Nf3 Nc6 3. d4 cxd4 4. Nxd4 Nf6 5. Nc3 d6 6. Bg5 e6 7. Qd2 a6 8. Nxc6 bxc6 9. f4 Be7 10. Be2 Rb8 11. Rb1 h6 12. Bxf6 Bxf6 13. b3 0-0 14. Na4 d5 15. e5 Bh4+ 16. g3 Be7 17. c3 c5 18. c4 dxc4 19. Qxd8 Rxd8 20. Bxc4 Bb7 21. Rf1 Rd4 22. Rf2 Bc6 23. Nb2 a5 24. Rc1 g5 25. Rd2 gxf4 26. Rxd4 cxd4 27. gxf4 Ba3 28. Rc2 Kh8 29. Bd3 Bd5 30. Nc4 Bb4+ 31. Kf1 Bc3 32. Nd6 a4 33. bxa4 Rb1+ 34. Kf2 Rh1 35. Nxf7+ Kg7 36. Nd6 Rxh2+ 37. Kg3 Rxc2 38. Bxc2 Bxa2 39. Kg4 Bd5 40. Bd3 Bb3 41. f5 exf5+ 42. Kxf5 Bxa4 43. e6 Bb4 44. Nb5 Be7 45. Nxd4 h5 46. Bb5 Bxb5 47. Nxb5 h4 48. Kg4 1/2-1/2

[Event "Budapest FS08 Nadassy"]
[Site "Budapest"]
[Date "2022.08.09"]
[Round "4.6"]
[White "Tereshchuk, Richard"]
[Black "Juracsik, Jozsef"]
[Result "0-1"]
[WhiteElo "1673"]
[BlackElo "1971"]
[PlyCount "52"]
[EventDate "2022.08.06"]
[EventType "tourn"]
[EventRounds "12"]
[EventCountry "HUN"]
[SourceTitle "CBM 209 Extra"]
[Source "ChessBase"]
[SourceDate "2022.09.30"]
[SourceVersion "1"]
[SourceVersionDate "2022.09.30"]
[SourceQuality "1"]
[WhiteTeam "Team Lower Elo"]
[BlackTeam "Team Higher Elo"]
[WhiteTeamCountry "HUN"]
[BlackTeamCountry "HUN"]

1. e4 c5 2. Nf3 e6 3. d4 cxd4 4. Nxd4 Nf6 5. Nc3 Nc6 6. Be3 Qc7 7. Be2 a6 8. 0-0 d6 9. Kh1 Bd7 10. a3 Be7 11. f4 h5 12. f5 Ne5 13. fxe6 fxe6 14. Bg5 0-0-0 15. Qd2 Kb8 16. a4 Nc4 17. Qe1 Rc8 18. Rb1 Qc5 19. Qd1 Qxg5 20. Bxc4 Rxc4 21. Qd3 Rhc8 22. Ra1 Qc5 23. Nb3 Qe5 24. Rfe1 Ng4 25. Qg3 Qxg3 26. hxg3 Bf6 0-1

[Event "Budapest FS08 Nadassy"]
[Site "Budapest"]
[Date "2022.08.08"]
[Round "3.1"]
[White "Farago, Sandor"]
[Black "Tereshchuk, Richard"]
[Result "1-0"]
[WhiteElo "2123"]
[BlackElo "1673"]
[PlyCount "121"]
[EventDate "2022.08.06"]
[EventType "tourn"]
[EventRounds "12"]
[EventCountry "HUN"]
[SourceTitle "CBM 209 Extra"]
[Source "ChessBase"]
[SourceDate "2022.09.30"]
[SourceVersion "1"]
[SourceVersionDate "2022.09.30"]
[SourceQuality "1"]
[WhiteTeam "Team Higher Elo"]
[BlackTeam "Team Lower Elo"]
[WhiteTeamCountry "HUN"]
[BlackTeamCountry "HUN"]

1. e4 e5 2. Nf3 Nf6 3. Nc3 Nc6 4. Bb5 Nd4 5. Bc4 Bc5 6. d3 d6 7. h3 h6 8. 0-0 a6 9. Nxd4 Bxd4 10. Ne2 Ba7 11. c3 d5 12. exd5 Nxd5 13. Qb3 c6 14. d4 exd4 15. cxd4 0-0 16. Qf3 Be6 17. Rd1 Re8 18. Ng3 Qc7 19. Nf5 Bxf5 20. Qxf5 Bb8 21. g3 Qd6 22. Bd3 Nf6 23. Qf3 Qd5 24. Kg2 Ba7 25. Be3 Kh8 26. Rac1 Qxf3+ 27. Kxf3 Rad8 28. Bc4 Nd5 29. a3 Rd7 30. Rd3 Rd6 31. h4 Red8 32. Ke2 Kg8 33. Rcd1 Re8 34. Rb3 Re7 35. Kf3 Rf6+ 36. Kg2 Rd6 37. Be2 Rde6 38. Rdd3 Kh8 39. Bg4 Rd6 40. h5 Kg8 41. Bc8 Bb6 42. Bf5 Ba7 43. Bd2 Rd8 44. Ba5 Rde8 45. Bg4 Nf6 46. Bf3 Rd7 47. Bb6 Bxb6 48. Rxb6 Ree7 49. Re3 Kf8 50. Re5 Rxe5 51. dxe5 Nd5 52. Bxd5 cxd5 53. Kf3 Ke7 54. Ke3 Kd8 55. Kd4 Kc7 56. Rb3 b6 57. f4 Kc6 58. Rc3+ Kb7 59. f5 f6 60. e6 Rd8 61. b4 1-0

[Event "Budapest FS10 Nadassy"]
[Site "Budapest"]
[Date "2020.10.13"]
[Round "10.2"]
[White "Tereshchuk, Richard"]
[Black "Poor, Sandor"]
[Result "1/2-1/2"]
[WhiteElo "1670"]
[BlackElo "2007"]
[PlyCount "54"]
[EventDate "2020.10.03"]
[EventType "team-schev"]
[EventRounds "12"]
[EventCountry "HUN"]
[SourceTitle "EXT 2022"]
[Source "ChessBase"]
[SourceDate "2021.10.06"]
[SourceVersion "1"]
[SourceVersionDate "2021.10.06"]
[SourceQuality "1"]
[WhiteTeam "Team 2"]
[BlackTeam "Team 1"]
[WhiteTeamCountry "HUN"]
[BlackTeamCountry "HUN"]

1. d4 Nf6 2. Nf3 e6 3. e3 b6 4. b3 Bb7 5. Bb2 d5 6. Be2 Nbd7 7. Nbd2 Be7 8. 0-0 0-0 9. c4 c5 10. cxd5 exd5 11. Rc1 Ne4 12. Nxe4 dxe4 13. Nd2 cxd4 14. Bxd4 Nc5 15. Nc4 Rc8 16. Ne5 Ne6 17. Bb2 Rxc1 18. Qxc1 Qc8 19. Rd1 Qxc1 20. Rxc1 Bf6 21. Ba1 Rd8 22. Bc4 Bxe5 23. Bxe5 Nc5 24. Bd4 Nd3 25. Rc3 Rc8 26. Kf1 Kf8 27. Bxd3 Rxc3 1/2-1/2

[Event "Budapest FS10 Nadassy"]
[Site "Budapest"]
[Date "2020.10.11"]
[Round "8.4"]
[White "Farago, Sandor"]
[Black "Tereshchuk, Richard"]
[Result "1-0"]
[WhiteElo "2195"]
[BlackElo "1670"]
[PlyCount "69"]
[EventDate "2020.10.03"]
[EventType "team-schev"]
[EventRounds "12"]
[EventCountry "HUN"]
[SourceTitle "EXT 2022"]
[Source "ChessBase"]
[SourceDate "2021.10.06"]
[SourceVersion "1"]
[SourceVersionDate "2021.10.06"]
[SourceQuality "1"]
[WhiteTeam "Team 1"]
[BlackTeam "Team 2"]
[WhiteTeamCountry "HUN"]
[BlackTeamCountry "HUN"]

1. e4 e5 2. Nf3 Nc6 3. Bb5 a6 4. Ba4 Bc5 5. 0-0 b5 6. Bb3 Nf6 7. d3 h6 8. c3 d6 9. d4 exd4 10. cxd4 Bb6 11. h3 0-0 12. Nc3 Re8 13. Re1 Bb7 14. Bc2 Qd7 15. Bf4 Rad8 16. a3 Ne7 17. Bg3 c5 18. Rc1 Nc6 19. d5 Nd4 20. Nxd4 cxd4 21. Nb1 Re7 22. Nd2 Rde8 23. Rf1 Nh7 24. Kh2 Rc8 25. Bd3 Ree8 26. Qh5 Nf6 27. Qf3 a5 28. Bh4 Nh7 29. Rce1 b4 30. axb4 axb4 31. Nc4 Bc5 32. b3 Ra8 33. Qh5 Rab8 34. f4 Ba6 35. e5 1-0

[Event "Budapest FS10 Nadassy"]
[Site "Budapest"]
[Date "2020.10.10"]
[Round "7.1"]
[White "Tereshchuk, Richard"]
[Black "Kahn, Evarth"]
[Result "0-1"]
[WhiteElo "1670"]
[BlackElo "2205"]
[PlyCount "118"]
[EventDate "2020.10.03"]
[EventType "team-schev"]
[EventRounds "12"]
[EventCountry "HUN"]
[SourceTitle "EXT 2022"]
[Source "ChessBase"]
[SourceDate "2021.10.06"]
[SourceVersion "1"]
[SourceVersionDate "2021.10.06"]
[SourceQuality "1"]
[WhiteTeam "Team 2"]
[BlackTeam "Team 1"]
[WhiteTeamCountry "HUN"]
[BlackTeamCountry "HUN"]

1. e4 Nf6 2. e5 Nd5 3. d4 d6 4. c4 Nb6 5. exd6 exd6 6. Be2 Be7 7. Nf3 0-0 8. 0-0 Bg4 9. Nbd2 d5 10. c5 Nc8 11. b4 Bf6 12. Bb2 b6 13. a3 Re8 14. Re1 c6 15. Qc2 Ne7 16. Bd3 g6 17. h3 Bf5 18. Nf1 Bxd3 19. Qxd3 Nd7 20. Ne3 bxc5 21. bxc5 Nxc5 22. dxc5 Bxb2 23. Rab1 Bg7 24. Qa6 Rb8 25. Ng4 Qc7 26. Qa4 Rxb1 27. Rxb1 h5 28. Ne3 Rb8 29. Rd1 Rb5 30. Nxd5 Nxd5 31. Rxd5 Bf8 32. Rd1 Rxc5 33. Qb3 Rb5 34. Qa2 c5 35. Qc4 Qb7 36. Nd2 Be7 37. Re1 Rb6 38. Nf1 Rb1 39. Re3 Kg7 40. Qa2 Bf6 41. Qc4 Qb5 42. Re4 Bd4 43. Qxb5 Rxb5 44. Re2 Rb1 45. Ra2 h4 46. a4 a5 47. Rc2 Ra1 48. Rc4 Kf6 49. Rc2 Ke6 50. Re2+ Kd5 51. Re7 f5 52. Rh7 c4 53. Rd7+ Ke4 54. g3 hxg3 55. Kg2 gxf2 56. Rc7 c3 57. h4 f4 58. Re7+ Kd3 59. Rc7 c2 0-1

[Event "Budapest FS10 Nadassy"]
[Site "Budapest"]
[Date "2020.10.07"]
[Round "5.3"]
[White "Tereshchuk, Richard"]
[Black "Mayer, Istvan"]
[Result "1-0"]
[WhiteElo "1670"]
[BlackElo "1863"]
[PlyCount "173"]
[EventDate "2020.10.03"]
[EventType "team-schev"]
[EventRounds "12"]
[EventCountry "HUN"]
[SourceTitle "EXT 2022"]
[Source "ChessBase"]
[SourceDate "2021.10.06"]
[SourceVersion "1"]
[SourceVersionDate "2021.10.06"]
[SourceQuality "1"]
[WhiteTeam "Team 2"]
[BlackTeam "Team 1"]
[WhiteTeamCountry "HUN"]
[BlackTeamCountry "HUN"]

1. e4 e6 2. d4 d5 3. Bd3 Nf6 4. e5 Nfd7 5. c3 c5 6. Ne2 Nc6 7. 0-0 cxd4 8. cxd4 Nb4 9. Bb5 Qa5 10. Nbc3 a6 11. Bxd7+ Bxd7 12. a3 Nc6 13. Be3 Qc7 14. Rc1 Qd8 15. b4 Be7 16. f4 b5 17. f5 Qb6 18. Qd3 Bd8 19. Rf3 Bc7 20. Rg3 g6 21. fxg6 hxg6 22. Nf4 Ne7 23. Rf3 0-0-0 24. Rf2 Bc6 25. Rfc2 Kb7 26. Bf2 Rc8 27. Nb1 Bd8 28. Nd2 Bd7 29. Nb3 Rxc2 30. Rxc2 Nc6 31. Nc5+ Kc8 32. Qf3 Be8 33. Qg4 Kb8 34. Nfd3 a5 35. Qd1 a4 36. Nc1 Bc7 37. Na2 f6 38. Nxe6 fxe5 39. dxe5 Qb7 40. Nxc7 Qxc7 41. Qxd5 Ne7 42. Rxc7 Nxd5 43. Rc5 Nf4 44. Rc2 Bf7 45. Bg3 g5 46. Rf2 Bxa2 47. Bxf4 gxf4 48. Rxa2 Rc8 49. Kf2 Rc3 50. e6 Kc7 51. g3 Kd6 52. gxf4 Kxe6 53. Re2+ Kf5 54. Re3 Rc4 55. Rf3 Kg4 56. h3+ Kf5 57. Kg3 Rc1 58. h4 Rg1+ 59. Kf2 Rh1 60. Ke3 Rxh4 61. Kd4 Rh1 62. Kc5 Rb1 63. Kxb5 Rb3 64. Rf1 Rxa3 65. Ka5 Ra2 66. b5 a3 67. Rf3 Ke4 68. Rb3 Rb2 69. Rxa3 Kxf4 70. Ka6 Ke5 71. Rc3 Kd6 72. b6 Kd7 73. Kb7 Ra2 74. Rc7+ Kd8 75. Rc8+ Kd7 76. Ra8 Rc2 77. Ra6 Rb2 78. Ka7 Kc8 79. Ra5 Kd7 80. Kb7 Kd6 81. Rh5 Kd7 82. Rd5+ Ke7 83. Rd3 Rb1 84. Ka7 Ra1+ 85. Kb8 Rb1 86. b7 Rb2 87. Ra3 1-0

[Event "Budapest FS10 Nadassy"]
[Site "Budapest"]
[Date "2020.10.05"]
[Round "3.1"]
[White "Kahn, Evarth"]
[Black "Tereshchuk, Richard"]
[Result "1-0"]
[WhiteElo "2205"]
[BlackElo "1670"]
[PlyCount "127"]
[EventDate "2020.10.03"]
[EventType "team-schev"]
[EventRounds "12"]
[EventCountry "HUN"]
[SourceTitle "EXT 2022"]
[Source "ChessBase"]
[SourceDate "2021.10.06"]
[SourceVersion "1"]
[SourceVersionDate "2021.10.06"]
[SourceQuality "1"]
[WhiteTeam "Team 1"]
[BlackTeam "Team 2"]
[WhiteTeamCountry "HUN"]
[BlackTeamCountry "HUN"]

1. e4 e5 2. Nf3 Nc6 3. Bc4 Bc5 4. b4 Bxb4 5. c3 Be7 6. d4 exd4 7. cxd4 Bb4+ 8. Nbd2 d6 9. d5 Bxd2+ 10. Bxd2 Ne5 11. Nxe5 dxe5 12. Qh5 Qd6 13. Bc3 Nf6 14. Qxe5+ Qxe5 15. Bxe5 Nxe4 16. Bxg7 Rg8 17. Be5 Rxg2 18. Bg3 Ng5 19. 0-0-0 Nh3 20. Bf1 Rxf2 21. Bxh3 Rxa2 22. Kb1 Ra6 23. Rhe1+ Kf8 24. Bf1 Bf5+ 25. Kb2 Rb6+ 26. Ka1 Rc8 27. Rc1 Re8 28. Bxc7 Rg6 29. Rxe8+ Kxe8 30. Bb5+ Kf8 31. d6 a6 32. d7 Bxd7 33. Bxd7 Ke7 34. Bf5 Rh6 35. Bf4 Rh5 36. Bc8 b6 37. Rc6 Ra5+ 38. Kb2 Rb5+ 39. Kc3 a5 40. Ba6 Rb1 41. Bd3 Rb4 42. Rc4 Rxc4+ 43. Kxc4 h5 44. Be2 Kf6 45. Bxh5 Kf5 46. Bc7 Kg5 47. Bxf7 Kh4 48. Bxb6 Kh3 49. Bc7 Kh4 50. Bxa5 Kh3 51. Bc7 Kh4 52. Be6 Kh5 53. Bd8 Kh6 54. h4 Kh5 55. Bf7+ Kh6 56. Bf6 Kh7 57. h5 Kh6 58. Kd5 Kh7 59. Ke5 Kh6 60. Kf5 Kh7 61. Bg6+ Kh6 62. Bg5+ Kg7 63. h6+ Kg8 64. h7+ 1-0

[Event "Budapest FS08 FM"]
[Site "Budapest"]
[Date "2020.08.05"]
[Round "5"]
[White "Tereshchuk, Richard"]
[Black "Szurkos, Andras"]
[Result "1-0"]
[WhiteElo "1384"]
[BlackElo "1687"]
[PlyCount "55"]
[EventDate "2020.08.01"]
[EventType "tourn"]
[EventRounds "9"]
[EventCountry "HUN"]
[SourceTitle "EXT 2021"]
[Source "ChessBase"]
[SourceDate "2020.10.23"]
[SourceVersion "1"]
[SourceVersionDate "2020.10.23"]
[SourceQuality "1"]

1. e4 e5 2. Nf3 Nc6 3. Bc4 Bc5 4. d3 Nf6 5. Bb3 d6 6. c3 Bg4 7. Nbd2 0-0 8. h3 Bh5 9. 0-0 d5 10. Qe2 d4 11. Re1 b5 12. a3 Qd6 13. Nf1 Rad8 14. Rd1 Na5 15. Bc2 Bb6 16. Ng3 h6 17. Nxh5 Nxh5 18. Nh4 Nf4 19. Qg4 Qf6 20. g3 h5 21. Qf3 Nxh3+ 22. Kg2 Ng5 23. Qxh5 Ne6 24. Nf5 g6 25. Qh6 Ng7 26. Rh1 Nh5 27. Rxh5 gxh5 28. Qxf6 1-0